000 01160cad a22002055a 4500
001 L146756
008 090224s2009 xxk f 000 0 eng d
035 _a(Sirsi) u146756
041 _aeng
110 2 _a2020 Group
_95698
245 _a2020 Group launch document
_h[electronic resource]
260 _c2009
520 _aAnnounces the launch of the 2020 Group and their purpose to address the housing crisis and support the Government plan to build three million new houses by 2020. Presents their four basics principles to deal with this housing shortage. Highlights their policy proposals to react to the crisis such as increase funding, extend duration of planning permissions, retain skills, improve the planning system, increase the role of local authorities.
590 _aKA NTK
650 2 4 _aAffordable housing
_96215
651 4 _aEngland
_y886-
690 _aPROPERTY-RESIDENTIAL PROPERTY-DOMESTIC RESIDENTIAL PROPERTY-HOUSING
856 4 0 _uhttps://england.shelter.org.uk/professional_resources/policy_library/policy_library_folder/2020_group_launch_document
_zView the information free of charge at http://england.shelter.org.uk
942 _n0
999 _c81278
_d81278